សមាសភាព សត្វល្អិត និង ជំអឺ បំផ្លាញលើដំណាំថ្នាំជក់ វិធានការការពារ និង កំចាត់ (Record no. 1532)
[ view plain ]
| 000 -LEADER | |
|---|---|
| fixed length control field | 00558nam a22001457a 4500 |
| 003 - CONTROL NUMBER IDENTIFIER | |
| control field | OSt |
| 005 - DATE AND TIME OF LATEST TRANSACTION | |
| control field | 20150930155516.0 |
| 008 - FIXED-LENGTH DATA ELEMENTS--GENERAL INFORMATION | |
| fixed length control field | 150930b xxu||||| |||| 00| 0 eng d |
| 040 ## - CATALOGING SOURCE | |
| Transcribing agency | RUA |
| 082 ## - DEWEY DECIMAL CLASSIFICATION NUMBER | |
| Classification number | AGR ហោ 1991 B002 Or.1 |
| 100 ## - MAIN ENTRY--PERSONAL NAME | |
| 9 (RLIN) | 1625 |
| Personal name | ហោ, គឹមសុគីនី |
| 245 ## - TITLE STATEMENT | |
| Title | សមាសភាព សត្វល្អិត និង ជំអឺ បំផ្លាញលើដំណាំថ្នាំជក់ វិធានការការពារ និង កំចាត់ |
| 300 ## - PHYSICAL DESCRIPTION | |
| Extent | 94p. |
| Other physical details | ill. |
| Dimensions | 29cm. |
| 942 ## - ADDED ENTRY ELEMENTS (KOHA) | |
| Source of classification or shelving scheme | |
| Koha item type | AGR |
| Price effective from | Date last seen | Permanent Location | Not for loan | Date acquired | Source of classification or shelving scheme | Koha item type | Barcode | Lost status | Damaged status | Shelving location | Withdrawn status | Current Location | Full call number |
|---|---|---|---|---|---|---|---|---|---|---|---|---|---|
| 2015-09-30 | 2015-09-30 | Library Block B | 2015-09-30 | AGR | RUA016719 | B002 | Library Block B | AGR ហោ 1991 B002 Or.1 |